| 000 | 00647nam a2200193 a 4500 | ||
|---|---|---|---|
| 001 | 000467875 | ||
| 003 | AM-YEHGA | ||
| 005 | 20260112142129.0 | ||
| 008 | 051208m1955 le 000 | arm d | ||
| 040 | _aAM-YEHGA | ||
| 041 | 0 | _aarm | |
| 245 | 0 | 0 |
_aԿրօն : _b[Դասագիրք]. |
| 260 |
_aՊէյրութ : _bՀայ ազգ. Սահակեան բարձր. վարժ-ի հրատ., _c1955- |
||
| 300 |
_aդասարան ; _c20 սմ. |
||
| 500 | _aՁեռագիր | ||
| 505 | 1 | 0 |
_gԴասարան Ա. (1955, 31 էջ) _gԴասարան Բ. (1955, 32 էջ) _gԴասարան Ե. (1956, 32 էջ) |
| 650 | 1 | 4 |
_aԿրոն _vԴասագիրք |
| 942 |
_2udc _cBK |
||
| 999 |
_c534628 _d534628 |
||